Countries Closest to Egypt - 15 Second Sprint - Statistics

General Stats
  • This quiz has been taken 40 times
  • The average score is 5 of 20
Answer Stats
km country miles % Correct
0 Libya 0
97%
0 Sudan 0
81%
0 Israel 0
78%
7 Jordan 4
44%
214 Lebanon 133
42%
15 Saudi Arabia 9
31%
202 Syria 126
31%
352 Cyprus 219
25%
478 Eritrea 297
22%
504 Turkey 314
19%
0 Palestine 0
17%
293 Chad 182
14%
799 Ethiopia 496
14%
364 Greece 226
11%
469 Iraq 291
11%
835 Yemen 519
6%
952 Niger 591
3%
993 Albania 617
0%
1065 Bulgaria 662
0%
1072 Macedonia 666
0%
No matching quizzes found
Score Distribution
Percent of People with Each Score
Percentile by Number Answered
Your Score History
You have not taken this quiz